| 000 | 01214nac a22003251i 4500 | ||
|---|---|---|---|
| 003 | EG-ScBUE | ||
| 005 | 20240418144357.0 | ||
| 008 | 240418s1960 nyub f b 001 0 eng d | ||
| 035 | _a(OCoLC)3474279 | ||
| 040 |
_aEG-ScBUE _beng _erda _cEG-ScBUE _dEG-ScBUE |
||
| 043 |
_aa------ _af------ |
||
| 082 | 0 | 4 |
_a953 _bBRO _222 |
| 100 | 1 |
_aBrockelmann, Carl, _d1868-1956, _eauthor. |
|
| 240 | 1 | 0 |
_aGeschichte der Islamischen Volker und Staaten. _lEnglish |
| 245 | 1 | 0 |
_aHistory of the Islamic peoples / _cby Carl Brockelmann ; translated by Joel Carmichael and Moshe Perlmann. |
| 264 | 1 |
_aNew York : _bCapricorn Books, _c1960. |
|
| 300 |
_axix, 566 pages : _bmaps ; _c23 cm |
||
| 336 |
_2rdacontent _atext _btxt |
||
| 337 |
_aunmediated _2rdamedia _bn |
||
| 338 |
_avolume _bnc _2rdacarrier |
||
| 504 | _aIncludes bibliographical references and index. | ||
| 546 | _aText in English ; translated from the original Germany. | ||
| 651 | 7 |
_aIslamic countries _xHistory. _2BUEsh |
|
| 651 | 7 |
_aIslamic Empire _xHistory. _2BUEsh |
|
| 655 | _vReading book | ||
| 700 | 1 |
_aCarmichael, Joel, _etranslator. |
|
| 700 | 1 |
_aPerlmann, Moshe, _etranslator. |
|
| 942 |
_cBB _2ddc |
||
| 999 |
_c1797 _d1797 |
||